000 00686nam a2200181Ia 4500
008 100921s9999 xx 000 0 und d
082 _b5820
_a891.467 थ 24
100 _aचिपळूणकर विष्णुशास्त्री.
245 _aविनोद व महदाख्यायिका.
260 _b---
_c1924
300 _a120
_b---
365 _b0
520 _aललित-विनोदी साहित्य.
630 _aविनोद व महदाख्यायिका.
650 _aललित-विनोदी साहित्य.
730 _aविनोद व महदाख्यायिका.
942 _cBOOK
999 _c754933
_d754930